Statistics for The Smiths

Click here to take the quiz!

General Stats

  • This quiz has been taken 416 times
  • The average score is 6 of 10

Answer Stats

Hint Answer % Correct
Punctured bicycle On a hillside desolate Will nature make a man of me yet?This charming man
90%
Shyness is nice, and shyness can stop you, from doing all the things in life you'd like toAsk
85%
to die by your side well the pleasure the privilege is mineThere is a Light that Never goes Out
83%
I'm the son and the heir of a shyness that is criminally vulgarHow Soon is Now
79%
The rain falls hard on a humdrum town. this town has dragged you downWilliam it was Really Nothing
75%
Don't try to wake me in the morning, 'cause i will be goneAsleep
59%
Last night I felt real arms around me, no hope no harm, just another false alarmLast Night I Dreamt that Somebody Loved Me
51%
Behind the hatred there lies A murderous desire for loveThe Boy with the Thorn in his Side
50%
i wear black on the outside, because black is how i feel on the insideUnloveable
38%
And you never knew how much I really liked you, because I never even told youBack to the Old House
33%

Score Distribution

Percentile by Number Answered

Percent of People with Each Score

Your Score History

You have not taken this quiz